Nový koncept budúcej výroby

História a nové koncepty produkčných systémov. Nové formy organizácie a riadenia výroby. Variantnosť kustomizovaných výrobkov a existujúce produkčné systémy. Pozícia ľudí v budúcej výrobe. Slovensko a továrne budúcnosti.

Na minha lista:
Detalhes bibliográficos
Autor principal: Gregor, Milan
Formato: Capítulo de Livro
Idioma:eslovaco
Assuntos:
Tags: Adicionar Tag
Sem tags, seja o primeiro a adicionar uma tag!

MARC

LEADER 00000naa a2200000 4500
001 0223953
005 20231208114803.6
041 0 |a slo 
044 |a SK 
245 1 0 |a Nový koncept budúcej výroby  |c Milan Gregor 
520 |a História a nové koncepty produkčných systémov. Nové formy organizácie a riadenia výroby. Variantnosť kustomizovaných výrobkov a existujúce produkčné systémy. Pozícia ľudí v budúcej výrobe. Slovensko a továrne budúcnosti. 
610 2 0 |a modernizácia organizácie a riadenia výroby 
610 2 0 |a modernizácia technológie 
610 2 0 |a zmeny technologické 
610 2 0 |a nanotechnológie 
610 2 0 |a proces výrobný 
610 2 0 |a história 
100 1 |a Gregor, Milan